Crecimiento y Desarrollo / (Record no. 7391)

000 -CABECERA
fixed length control field 01033nam a22002537a 4500
003 - IDENTIFICADOR DEL NÚMERO DE CONTROL
control field AR-CdUCM
008 - DATOS DE LONGITUD FIJA--INFORMACIÓN GENERAL
fixed length control field 190320b ||||| |||| 00| 0 spa d
040 ## - FUENTE DE LA CATALOGACIÓN
Agencia/entidad que catalogó originalmente la obra MUNICIPALIDAD PROVINCIAL DEL CUSCO
Entidad que transcribió la catalogación BIBLIOTECA MUNICIPAL DEL CUSCO
082 ## - NÚMERO DE LA CLASIFICACIÓN DECIMAL DEWEY
No. de Clasificación 570 /
Notacion interna SU96
100 ## - ENTRADA PRINCIPAL--NOMBRE DE PERSONA
Nombre Personal Sussman, Maurice
245 ## - MENCIÓN DE TÍTULO
Título Crecimiento y Desarrollo /
260 ## - PUBLICACIÓN, DISTRIBUCIÓN, ETC.
Lugar de publicación, distribución, etc. México :
Nombre de la editorial, distribuidor, etc. UTEHA,
Fecha de publicación, distribución, etc. 1967.
300 ## - DESCRIPCIÓN FÍSICA
Nº de Páginas Extensión XIV, 185 páginas ;
Otros detalles físicos Ilustraciones, diagramas
Dimensiones 17cm
440 ## - MENCIÓN DE SERIE/PUNTO DE ACCESO ADICIONAL--TÍTULO
Título Colección Uteha - Ciencias Naturales
Número de la parte/sección de una obra 248
9 (RLIN) 20836
440 ## - MENCIÓN DE SERIE/PUNTO DE ACCESO ADICIONAL--TÍTULO
Título Sección ciencias naturales.
Número de la parte/sección de una obra 4
9 (RLIN) 20837
505 ## - NOTA DE CONTENIDO CON FORMATO
Nota de contenido formateada Contenido: ¿Que es el desarrollo? -- Crecimiento y reproducción de la célula aislada -- El crecimiento de los grupos celulares -- El desarrollo de los microorganismos -- El desarrollo de un animal primitivo: los celenterados...
650 ## - PUNTO DE ACCESO ADICIONAL DE MATERIA--TÉRMINO DE MATERIA
Descriptor Biología
9 (RLIN) 881
650 ## - PUNTO DE ACCESO ADICIONAL DE MATERIA--TÉRMINO DE MATERIA
Descriptor Células
9 (RLIN) 18534
650 ## - PUNTO DE ACCESO ADICIONAL DE MATERIA--TÉRMINO DE MATERIA
Descriptor Reproducción
9 (RLIN) 8380
700 ## - PUNTO DE ACCESO ADICIONAL--NOMBRE DE PERSONA
Nombre Personal Espinosa Morett, Alfredo (traducción)
9 (RLIN) 20838
942 ## - ELEMENTOS DE PUNTO DE ACCESO ADICIONAL (KOHA)
Fuente de clasificación
Tipo de item Libros-BMC
945 ## - PROCESAMIENTO DE INFORMACIÓN LOCAL (OCLC)
Catalogador nom
Holdings
Estado de retiro (separado) Fuente de clasificación o esquema de estanterías Estado dañado Ubicación Sala donde se ubica Nombre de la colección Fecha de adquisición o compra Costo, precio normal en soles Signatura topográfica Código de Barras Última vez visto (Koha) Tipo de ítem (Koha)
No     Sala Ciencias Sala Ciencias Book Cart 2019-03-20 25.00 570 / SU96 SC0000000629 2019-03-20 Libros-BMC
No     Sala Ciencias Sala Ciencias Book Cart 2019-03-20 25.00 570 / SU96 / e.2 SC0000000908 2019-03-22 Libros-BMC

Powered by Koha